000 01066nam a22002537a 4500
005 20100719151340.0
008 100719t xxu||||| |||| 00| 0 eng d
010 _aENG-96422
020 _c375.00
_a9780198069133
020 _c375.00
_a0198069138
035 _aEN-79955
037 _bD.B.Act / Pub
040 _adpl
_bEng
082 _a954.083
245 _aThe 1857 rebellion /
_cedited by Biswamoy Pati
260 _aNew Delhi
_bOxford University Press
_c2010
270 _aYMCA Library Building, Jai Singh Road
_bNew Delhi
_e110001
300 _axliii, 324p.
_c22 cm ( pbk)
490 _aOxford in India readings: debates in Indian history and society/edited by Sayasachi Bhattacharya, B.D. Chattopadhyaya [and] Richard M. Eaton
500 _aIncludes bibliographical references and index
700 _aPati, Biswamoy
942 _adpl
_cEN
_2ddc
_h954.083
_mREB
999 _c37078
_d37078